000 01131nam a22003377a 4500
001 2669103
003 OSt
005 20210426115253.0
008 730921s1974 nyua b 001 0 eng
010 _a 73017037
020 _a0471230006
040 _aDLC
_cDLC
_dDLC
_beng
041 _aeng
050 0 0 _aHF5549
_b.E273
080 _a005
_bE-20
082 0 0 _a658.3/02
100 1 _aEckles, Robert W.,
_d1927-
245 1 0 _aEssentials of management for first-line supervision
_c[by] Robert W. Eckles, Ronald L. Carmichael, [and] Bernard R. Sarchet.
_b/ by: John Wiley and Sons Inc
260 _aNew York,
_bJohn Wiley and Sons Inc
_c1974
300 _axviii, 642 p.
_bill.
_c23 cm.
504 _aIncludes bibliographies.
650 0 _aSupervision of employees.
650 0 _aManagement
_9324
650 0 _aIndustrial management.
653 _aმართვა
653 _aინდუსტრიული მართვა
700 1 _aCarmichael, Ronald Lad,
_ejoint author.
700 1 _aSarchet, Bernard R.,
_d1917-
_ejoint author.
906 _a7
_bcbc
_corignew
_d1
_eocip
_f19
_gy-gencatlg
942 _2udc
_cBK
999 _c1015
_d1015